000 00598cam a22002291 4500
001 sa 64008783
003 DLC
005 20260227112056.0
008 941108s1963 ii a 000 0 orio
010 _asa 64008783
025 _aPL480:I-O-375
035 _a(OCoLC)31426618
040 _aDLC
_cCU
_dCU
_dDLC
042 _apremarc
050 0 0 _aQ163
_b.A16
100 1 _aĀcāryya, Śāntanu Kumāra,
_d1933-
245 1 0 _aĀkāśaku sātoṭi pāhāca.
260 _c[1963]
300 _a40 p.
_billus. (part col.)
_c25 cm.
500 _aIn Oriya.
650 0 _aScience
_vJuvenile literature.
999 _c61038
_d61038